000 00549cas a22001694i 4500
999 _c61014
_d61014
001 768714001
003 CO-MdFUSB
005 20180420162154.0
008 180420s2005 cr ||||| |||| 00| 0 spa d
040 _aCO-MdFUSB
_bspa
_cCO-MdFUSB
_dCO-MdFUSB
041 _aspa
100 1 _aSellers Ortigosa, Antonio
_eautor
245 1 0 _a¿Buscando a Dios o buscados por Dios?
300 _aVolumen 7. Número 3 (2005), páginas 47
_c: 28 cm.
773 0 _tConquista Cristiana
_049446
_960312
_gVolumen 7. Número 3 (2005), páginas 47
_qpágina 47
942 _cANA